| 000 | 00964nam a2200289 i 4500 | ||
|---|---|---|---|
| 001 | 11545 | ||
| 003 | ES-MaACL | ||
| 005 | 20250927063032.0 | ||
| 007 | t| | ||
| 008 | 921007s1992 sp bf |||| | spa d | ||
| 020 | _a84-86763-67-3 | ||
| 080 | _a008(4)"14/15" | ||
| 080 | _a930.85"14" | ||
| 100 | 1 |
_aBennassar, Bartolomé, _d1929- _927727 |
|
| 245 | 1 | 0 |
_a1492 _b: ¿un mundo nuevo? / _cBartolomé Bennassar, Lucile Bennassar ; traducción, Francisco Torres Oliver. |
| 260 |
_aMadrid : _bNerea, _cD.L. 1992. |
||
| 300 |
_a295 p., [16] p. de lám : _bmap ; _c21 cm. |
||
| 500 | _aÍndices. | ||
| 504 | _aBibliografía: p. [283]-286. | ||
| 650 | 1 | 4 |
_aRenacimiento. _916843 |
| 651 | 4 |
_aEuropa- _xHistoria- _y1492-1517. _98600 |
|
| 700 | 1 |
_aBennassar, Lucile. _927730 |
|
| 700 | 1 |
_aTorres Oliver, Francisco, _d1935- _9110996 |
|
| 740 | 0 | 2 | _aMil cuatrocientos noventa y dos, ¿un mundo nuevo? |
| 852 |
_aES-MaACL _jL-18856 |
||
| 999 |
_c11545 _d11545 |
||